Français - Adjectifs n'ayant qu'un genre - Statistiques

Statistiques générales
  • Ce quiz a été pris 18 fois
  • Le résultat moyen est 19 sur 40
Statistiques - réponses
Question Réponse % Correct
Bée FEMININ
100%
Bien ordonné MASCULIN
100%
Colonelle FEMININ
75%
Coûtant MASCULIN
75%
Amouillante FEMININ
50%
Bréhaigne FEMININ
50%
Capitainesse FEMININ
50%
Cochère FEMININ
50%
Diamante FEMININ
50%
Enceinte FEMININ
50%
Falcidie FEMININ
50%
Flexurale FEMININ
50%
Incuse FEMININ
50%
Océane FEMININ
50%
Patronnesse FEMININ
50%
Ponneresse FEMININ
50%
Portante FEMININ
50%
Trémière FEMININ
50%
Bikumeau MASCULIN
50%
Cajun MASCULIN
50%
Cavalcadour MASCULIN
50%
Flat MASCULIN
50%
Fondrier MASCULIN
50%
Hébreu MASCULIN
50%
Hypertenseur MASCULIN
50%
Marmenteau MASCULIN
50%
Rubican MASCULIN
50%
Saur MASCULIN
50%
Solard MASCULIN
50%
Tenseur MASCULIN
50%
Catherinaire FEMININ
25%
Epinière FEMININ
25%
Jectisse FEMININ
25%
Pie FEMININ
25%
Poulinière FEMININ
25%
Quartaine FEMININ
25%
Septane FEMININ
25%
Diacode MASCULIN
25%
Musagète MASCULIN
25%
Coûtant FEMININ
0%
Aucun quiz correspondant
Distribution des résultats
% des personnes avec chaque résultat
Percentile par nombre de réponses
Votre historique - résultats
Vous n’avez pas pris ce quiz